The symbolic persons in the masques of Ben Jonson.

Bibliographic Details
Main Author: Gilbert, Allan H., 1888-1987
Format: Book
Language:English
Published: Durham : Duke Univ. Press, [1948]
Series:Duke University publications.
Subjects:

MARC

Tag First Indicator Second Indicator Subfields
LEADER 00000cam a2200000 4500
001 in00000035716
005 20151007062115.0
008 720530s1948 ncuf b 00000 eng u
010 |a  48009758  
035 |a (OCoLC)00319263 
035 |9 AAD3970AM 
040 |c YNG  |d TXA  |d UtOrBLW 
049 |a TXAM  |c [169892] 
050 0 |a PR2642.C5  |b G5 
092 |a 822  |b J81Yg 
100 1 |a Gilbert, Allan H.,  |d 1888-1987. 
245 1 4 |a The symbolic persons in the masques of Ben Jonson. 
264 1 |a Durham :  |b Duke Univ. Press,  |c [1948] 
300 |a xi, 297 pages :  |b plates. ;  |c 23 cm. 
336 |a text  |b txt  |2 rdacontent 
337 |a unmediated  |b n  |2 rdamedia 
338 |a volume  |b nc  |2 rdacarrier 
490 1 |a Duke University publications 
504 |a "Bibliographies"; pages 259-282. 
600 1 0 |a Jonson, Ben,  |d 1573?-1637  |x Characters. 
830 0 |a Duke University publications. 
999 |a MARS 
999 f f |s 0ae3d0c1-0296-3966-bf65-b824b37a21d4  |i 9fb34807-ef68-3ff3-8a23-ce3904b76bc6  |t 0 
952 f f |p ric  |a Texas A&M University  |b Rellis Campus  |c Joint Library Facility  |d Remote Storage  |t 0  |e PR2642.C5 G5  |h Library of Congress classification  |i unmediated -- volume  |m A14801297738 
998 f f |a PR2642.C5 G5  |t 0  |l Remote Storage